000 00643nam a2200265Ia 4500
005 20260121164940.0
008 008 260114s9999 xx 000 0 eng d
020 _a9781475730616
037 _aEBOOK
040 _aCRL
040 _beng
040 _cCRL
041 _2eng
041 _aeng
084 _qCRL
100 _aJoseph R. Lakowicz
_91045667
245 0 _aPrinciples of Fluorescence Spectroscopy
260 _bSpringer
260 _bSpringer
260 _c1999
856 _uhttps://link.springer.com/openurl?genre=book&isbn=978-1-4757-3061-6
942 _cEBOOK
999 _c1611390
_d1611390